Регионална библиотека "Любен Каравелов" - Русе

Крадци (Запис номер 89074)

MARC детайли
000 -Лидер
Контролно поле с фиксирана дължина 00896nam a2200289 c 4500
003 - Код на организацията, давaща контролен номер
Контролно поле BLK
005 - Дата и час на последна редакция
Контролно поле 20250204095105.0
008 - Елементи от данни с фиксирана дължина
fixed length control field 180408b bul|||||r ||||||| ||bul||
010 ## - Наследен системен номер
LC control number KNG00093767000
020 ## - Международен стандартен номер на книга ISBN
Международен стандартен номер на книга ISBN 978-954-775-967-1
-- издат.: Фабер
040 ## - Източник на каталожния запис
Идентификатор на билиотеката - собственик на записа BLK
041 ## - Код за език
Код за езика на текст/звукозапис или на отделно заглавие Български
Код за езика КДБФ Български
080 ## - УДК
Текстов определител УДК Българска литература
УДК код - определител по УДК 821.163.2
УДК определител -31
УДК - код + определител 821.163.2-31
100 1# - Редна дума - Автор
Автор Липчев, Атанас
Авторска отговорност първи автор
R(LIN) 286209
139 ## - Редно поле
Редна дума Липчев, Атанас
Авторски знак Липо - Л 66
245 10 - Сведения за заглавието
Заглавие Крадци
Подзаглавни данни Роман
Редно поле (дума) Атанас Липчев.
257 ## - Страна на издаване
Страна на създаване/издаване България
260 ## - Област на издателските данни
-- В. Търново
Име на издателя, разпространителя и проч. Фабер
Година на издаване 2008
300 ## - Физическа характеристика
Страници 488 с.
Размери/Мащаб 20 см
380 ## - Жанр
Жанр Худож. лит.
852 ## - Местоположение
Форматна сигнатура Цб 246723
856 4# - Електронен адрес и достъп
Електронен формат pdf - файл
Път до файла /url/
856 4# - Електронен адрес и достъп
Електронен формат pdf - файл
Път до файла /url/
942 ## - АРТИКУЛИ
Вид на библиотечния материал Книги
Скрит в OPAC Не
Koha issues (borrowed), all copies 5
944 ## - СЪЗДАВАНЕ И РЕДАКЦИЯ на ЗАПИСА
Създаване/Редакция Създаване
Дата на регистрацията/редакция 22.01.2010
Служител, извършил регистрацията/редакцията 30576
Статус, дата на статуса Цветомила Тодорова
944 ## - СЪЗДАВАНЕ И РЕДАКЦИЯ на ЗАПИСА
Създаване/Редакция Редакция
Дата на регистрацията/редакция 09.12.2010
Служител, извършил регистрацията/редакцията
999 ## - СИСТЕМНИ КОНТРОЛНИ НОМЕРА
Koha biblionumber 89074
Koha biblioitemnumber 89074
Наличности
Код за отписване Код за изгубен артикул Код за повреда Коз за рестрикции Код за отдаване Артикулен № Име на библиотеката - собственик Име на библиотеката, в която се намира в момента Статус (Текущо местоположение) Дата на вписване в системата Местоположение - отдел Цена в лева Инвентарен номер Систематично азбучна сигнатура Баркод Номер на екземпляра Цена в евро Служебна бележка Служебен тип на артикула
  Не е изгубен Не е повреден без рестрикции ползва се в читалня 144205 Регионална библиотека "Любен Каравелов" Русе Регионална библиотека "Любен Каравелов" Русе Хранилище 2010-01-22 Хранилище 15.00 120000741166 Цб 246723 120000741166 1 7.67 Дост: Dp Вид: Д N: 29 Дата: 08.07.2009 Книги
  Не е изгубен Не е повреден без рестрикции заемане за дома 144206 Регионална библиотека "Любен Каравелов" Русе Регионална библиотека "Любен Каравелов" Русе Заемна - подръчен фонд 2010-12-08 Заемна - подръчен фонд 15.00 120000747992 П 886.7-31/Л 66 120000747992 2 7.67 Дост: DA Вид: А N: 23 Дата: 08.12.2010 Дата инв: 06.03.2018 Бележки инв: П2018 Книги
  Не е изгубен Не е повреден без рестрикции заемане за дома 144207 Регионална библиотека "Любен Каравелов" Русе Регионална библиотека "Любен Каравелов" Русе Заемна - подръчен фонд 2010-12-08 Заемна - подръчен фонд 15.00 120000747993 П 886.7-31/Л 66 120000747993 3 7.67 Дост: DA Вид: А N: 23 Дата: 08.12.2010 Дата инв: 13.02.2018 Бележки инв: П2018 Книги
  Не е изгубен Не е повреден без рестрикции заемане за дома 144208 Регионална библиотека "Любен Каравелов" Русе Регионална библиотека "Любен Каравелов" Русе Заемна - подръчен фонд 2010-12-08 Заемна - подръчен фонд 15.00 120000747994 П 886.7-31/Л 66 120000747994 4 7.67 Дост: DA Вид: А N: 23 Дата: 08.12.2010 Книги
  Не е изгубен Не е повреден без рестрикции заемане за дома 144209 Регионална библиотека "Любен Каравелов" Русе Регионална библиотека "Любен Каравелов" Русе Заемна - подръчен фонд 2010-12-08 Заемна - подръчен фонд 15.00 120000747995 П 886.7-31/Л 66 120000747995 5 7.67 Дост: DA Вид: А N: 23 Дата: 08.12.2010 Дата инв: 13.02.2018 Бележки инв: П2018 Книги
Vip Innovations Ltd, Rousse, Bulgaria 2025